00523 a2200157 4500020002300000035001300023037004100036082001200077100002600089245006800115250001900183260003600202270007100238300002400309500003200333 a8131702286c195.00 aB-210671 bRP-L-20 / UBH-06-07:2 / RP-06-07:ENG14a621.3951 aGayakwad, Ramakant A.1 aOp-amps and linear integrated circuitscby Ramakant A. Gayakwad a4th ed reprint aDelhibDorling Kindersleyc2007 a14 Local Shopping Centre,Panchsheel ParkbNew DelhicDelhie110017 a559 pc24 cm (pbk) ainclude biblography & index